Cálculo diferencial e integral T1
| Main Author: | |
|---|---|
| Format: | Section = Libro |
| Language: | Undetermined Spanish |
| Published: |
Moscú
Mir Moscú
1980
|
| Edition: | 5a.ed |
| Subjects: |
| LEADER | 00464nam a2200193Ia 4500 | ||
|---|---|---|---|
| 008 | 240830s9999 xx 000 0 und d | ||
| 040 | |a CEDOC FIQ-RUSB / 515.43 P676 | ||
| 041 | |a spa | ||
| 082 | |a 515.43 P676 | ||
| 100 | 1 | |a Piskunov, N. | |
| 245 | 1 | 0 | |a Cálculo diferencial e integral T1 |
| 250 | |a 5a.ed | ||
| 260 | |a Moscú |b Mir Moscú |c 1980 | ||
| 300 | |a 2 t | ||
| 650 | 7 | |a CALCULO | |
| 650 | 7 | |b CALCULO INTEGRAL | |
| 942 | |c BK |2 ddc | ||
| 991 | |a TEXTO | ||
| 999 | |c 13196 | ||